000 00447nam a2200193Ia 4500
005 20250425162202.0
008 250425s9999 xx 000 0 und d
041 _aspa
043 _asp
082 _a659.2
100 _aONEGA, FERNANDO
245 0 _aGUIA PROFESIONAL PARA ORGANIZADORES DE CONGRESOS
250 _a1A ED.
260 _aEspaƱa
_bEDILESA
_c1995
260 _aS.L.
650 _aCONGRESOS
942 _c01
010 _a54833
999 _c224078
_d224078